10 U.S. States with the Highest Tax Burden - Statistics

General Stats
  • This quiz has been taken 38,346 times
    16,612 since last reset
  • The average score is 7 of 10
Answer Stats
% State % Correct
10.4 California
97%
12.0 New York
97%
9.5 New Jersey
73%
11.1 Vermont
70%
10.0 Connecticut
69%
10.7 Maine
68%
9.4 Rhode Island
66%
9.7 Illinois
60%
11.8 Hawaii
59%
10.0 Minnesota
36%
No matching quizzes found
Score Distribution
Percent of People with Each Score
Percentile by Number Answered
Your Score History
You have not taken this quiz since the last reset